000 00469nam a2200181 4500
003 OSt
008 241007b |||||||| |||| 00| 0 eng d
020 _a9788126207633
041 _amal
082 _a808.899282
_bPAL/TH
100 _aPallipuram, Sippi
_96321
245 _aThimmayyante thimingalavetta /
250 _a2nd ed.
260 _aThiruvananthapuram :
_bChintha Publishers,
_c2023.
300 _a32p.
650 _aChildren's literature
_96322
942 _cBK
999 _c18140
_d18140